| 000 | 00907cam a22003015a 4500 | ||
|---|---|---|---|
| 008 | 150816t2003 ad||f |||| 001 0 eng d | ||
| 010 | _a 2002030725 | ||
| 020 | _a0130384747 | ||
| 020 | _a0131118811 | ||
| 020 | _a9780131118812 | ||
| 020 | _a9780130622211 | ||
| 040 |
_aEG-ScBUE _beng _cEG-ScBUE |
||
| 082 | 0 | 4 |
_a005.133 _bDEI _222 |
| 100 | 1 | _aDeitel, Harvey M., | |
| 245 | 1 | 0 |
_aC++ how to program / _cH.M. Deitel, P.J. Deitel. |
| 250 | _a5th ed. | ||
| 260 |
_aNew Jersey. : _bPrentice Hall, _cc2002. |
||
| 300 |
_alix, 1321 p. : _bcol. ill. ; _c23 cm. + _e1 CD-ROM (4 3/4 in.) |
||
| 490 | 0 | _aHow to program series | |
| 500 | _aindex 1282-1321. | ||
| 504 | _aBibliography1276-1280. | ||
| 650 | 0 |
_aC++ (Computer program language) _2BUEsh |
|
| 651 | _2BUEsh | ||
| 653 |
_bCOMSCI _cAugust2015 |
||
| 655 |
_vtext book _933728 |
||
| 700 | 1 | _aDeitel, Paul J. | |
| 942 |
_cBB _k005.133DEI _2ddc |
||
| 999 |
_c410 _d410 |
||